Advanced electronics Ed 2 (Record no. 241113)

MARC details
000 -LEADER
fixed length control field 02075nam a22002777a 4500
005 - DATE AND TIME OF LATEST TRANSACTION
control field 20260402095307.0
008 - FIXED-LENGTH DATA ELEMENTS--GENERAL INFORMATION
fixed length control field 260402b |||||||| |||| 00| 0 eng d
020 ## - INTERNATIONAL STANDARD BOOK NUMBER
International Standard Book Number 9789390709007
040 ## - CATALOGING SOURCE
Transcribing agency AL
041 ## - LANGUAGE CODE
Language code of text/sound track or separate title eng
082 ## - DEWEY DECIMAL CLASSIFICATION NUMBER
Classification number 621.3815
Item number CHAA
100 ## - MAIN ENTRY--PERSONAL NAME
Personal name Taraprasad Chattopadhyay
100 ## - MAIN ENTRY--PERSONAL NAME
9 (RLIN) 260078
245 ## - TITLE STATEMENT
Title Advanced electronics Ed 2
250 ## - EDITION STATEMENT
Edition statement 2
260 ## - PUBLICATION, DISTRIBUTION, ETC.
Place of publication, distribution, etc. New Delhi
Name of publisher, distributor, etc. CBS Publishers and Distributors Pvt Ltd
Date of publication, distribution, etc. New Delhi
300 ## - PHYSICAL DESCRIPTION
Extent xiii,208p
Other physical details PB
Dimensions 24x17cm
365 ## - TRADE PRICE
Source of price type code Electronics and Communication Engineering
Price type code VBI-2645
Price amount ₹221.25
Currency code
Unit of pricing ₹295.00
Price note 25%
Price effective from 20-02-2026
520 ## - SUMMARY, ETC.
Summary, etc. Advanced Electronics for MSc (Physics), MSc (Electronics) and Blech (Electronics and Communication) provides the essentials for advanced knowledge in electronics and communication engineering. The book deals with the theory of passive and active devices along with the design of some advanced level experiments. Ihe book comprises 13 chapters; each chapter starts with a comprehensive detail of the topic discussed followed by solved problems, exercise problems, and simple topic-based questions. Hints and answers to the exercise problems are also given for effective learning. Salient Features It provides the essentials for advanced knowledge in electronics and communication engineering covering theory of passive and active devices along with the design of some advanced level experiments Simple and explanatory approach Example-based explanation of each topic Concepts elucidated through adequate numbers of problems and their answers Supplemented with relevant schematic circuit diagrams and Illustrations Hints and answers to exercise problems given for effective learning Meets the requirements of students of MSc (Physics), MSc (Electronics) and BTech (Electronics and Communication) of all universities.<br/>
650 ## - SUBJECT ADDED ENTRY--TOPICAL TERM
Topical term or geographic name entry element Transmission Line
9 (RLIN) 260079
650 ## - SUBJECT ADDED ENTRY--TOPICAL TERM
Topical term or geographic name entry element Solid State Microwave Oscillators
9 (RLIN) 260080
650 ## - SUBJECT ADDED ENTRY--TOPICAL TERM
Topical term or geographic name entry element Radar
9 (RLIN) 260081
650 ## - SUBJECT ADDED ENTRY--TOPICAL TERM
Topical term or geographic name entry element Antenna
9 (RLIN) 260082
650 ## - SUBJECT ADDED ENTRY--TOPICAL TERM
Topical term or geographic name entry element Waveguides
9 (RLIN) 260083
650 ## - SUBJECT ADDED ENTRY--TOPICAL TERM
Topical term or geographic name entry element Digital Modulations
9 (RLIN) 260084
942 ## - ADDED ENTRY ELEMENTS (KOHA)
Source of classification or shelving scheme Dewey Decimal Classification
Koha item type Book
Holdings
Withdrawn status Lost status Source of classification or shelving scheme Damaged status Not for loan Collection code Home library Current library Date acquired Source of acquisition Cost, normal purchase price Total Checkouts Full call number Barcode Date last seen Cost, replacement price Price effective from Koha item type
    Dewey Decimal Classification     Electronics and Communication Engineering St Aloysius Engineering Library St Aloysius Engineering Library 02/20/2026 Vidyarthi Books, Bengaluru-560076 221.25   621.3815 CHAA SE000293 04/02/2026 295.00 02/20/2026 Book